| 000 | 01025nam a2200349 a 4500 | ||
|---|---|---|---|
| 003 | AR-BaBNM | ||
| 005 | 20251128204318.0 | ||
| 008 | 082120s2002 ||||||||||||||000 | spa|| | ||
| 020 | _a950-755-122-0 | ||
| 040 | _cAR-BaBNM | ||
| 100 | 1 | _aVillalobos Pérez-Cortés, Elvia Marveya | |
| 245 | 0 | 0 | _aReflexiones para una educación responsable |
| 260 |
_aBuenos Aires _bBraga _c1994 |
||
| 300 | _a89 p. | ||
| 490 | 0 | _aDidáctica operativa | |
| 500 | _aPrefacio por Blanca Sevilla y Pedro Camacho | ||
| 650 | 4 | _aRESPONSABILIDAD DE LA ESCUELA | |
| 650 | 4 | _aCREATIVIDAD | |
| 650 | 4 | _aMADUREZ PARA EL APRENDIZAJE | |
| 650 | 4 | _aTIEMPO LIBRE | |
| 650 | 4 | _aEDUCACION Y TIEMPO LIBRE | |
| 650 | 4 | _aRELACION ALUMNO-DOCENTE | |
| 650 | 4 | _aINTELIGENCIA | |
| 650 | 4 | _aINTERACCION | |
| 650 | 4 | _aPROCESO DE INTERACCION | |
| 650 | 4 | _aEDUCACION PARA EL TRABAJO | |
| 650 | 4 | _aOBJETIVOS EDUCACIONALES | |
| 653 | _aESTRATEGIAS EDUCATIVAS | ||
| 800 | 1 |
_aPérez Alvarez, Sergio _edirector |
|
| 942 | _cBK | ||
| 998 | _cCarmen | ||
| 999 |
_c6984 _d6984 |
||